Представление документа в формате RUSMARC

ПолеНазваниеЗначение
  Тип записи a
  Библиографический уровень c
001 Контрольный номер RU/IS/BASE/333024795
005 Дата корректировки 20201206204732.8
010 Индекс ISBN __
a ISBN 978-5-904553-01-2 (в пер.)
d Цена 180-00
100 Данные общей обработки __
a Данные общей обработки 19091021d2009 |||y0rusy0189 ca
101 Язык документа __
a Язык текста rus
102 Страна публикации __
a Страна публикации RU
105 Кодированные данные (монография) __
a Кодированные данные (монография) y zzzz|||zy
200 Заглавие и сведения об ответственности 1_
a Заглавие Система мира и миры систем
e Сведения, относящиеся к заглавию [жизнь-разум, природа-общество, мораль-знание, свобода-необходимость, рациональность-иррациональность, конфронтация-коэволюция, кризис-развитие, "экология и жизнь"] : сб. ст.
f Первые сведения об ответственности А. Л. Самсонов
b Общее обозначение материала Текст
210 Выходные данные __
a Место издания М.
c Издательство Время знаний
d Дата издания 2009
215 Физическое описание __
a Объем 295 с.
c Иллюстрации/тип воспроизводства ил.
225 Серия __
a Серия Библиотека журнала "Экология и жизнь"
320 Библиография __
a Библиография Библиогр. в подстроч. примеч.
327 Примечание о содержании __
a Примечание о содержании На пути к ноосфере
327 Примечание о содержании __
a Примечание о содержании Человек в биосфере - проблема информационных оценок
327 Примечание о содержании __
a Примечание о содержании Относительность человеческих систем
327 Примечание о содержании __
a Примечание о содержании Перспектива - Человек и Вселенная
327 Примечание о содержании __
a Примечание о содержании Феномен свободы
327 Примечание о содержании __
a Примечание о содержании О возможности великого объединения знания и морали
327 Примечание о содержании __
a Примечание о содержании Коэволюция интерпретаций
327 Примечание о содержании __
a Примечание о содержании Проблемы, которые мы выбираем
327 Примечание о содержании __
a Примечание о содержании Формула современного дуализма
327 Примечание о содержании __
a Примечание о содержании Моисеев: работа вне математики ли впереди нее?
327 Примечание о содержании __
a Примечание о содержании Универсальный эволюционизм Моисеева
327 Примечание о содержании __
a Примечание о содержании Наук и общество в поисках священного Грааля
327 Примечание о содержании __
a Примечание о содержании Глобализация versus устойчивое развитие
327 Примечание о содержании __
a Примечание о содержании Модели общества: от хаоса к толерантности
327 Примечание о содержании __
a Примечание о содержании Устойчивое развитие как научная задача
330 Аннотация __
a Аннотация Что представляет собой мир больших систем - человеческой психики и общественного устройства, устройства живой природы и Вселенной в целом? Что служит рациональной основой представлений о ноосфере и устойчивом развитии, о роли свободы и случайности в развитии? На страницах этого сборника нашлось место понятиям вменяемости и ответственности, квантовой теории и теории относительности, математической двойственности и свойств памяти.
600 Персоналии __
a Персоналии (Фамилия) Моисеев, Н. Н.
605 Заглавие как предмет __
a Заглавие Экология и жизнь /журнал/
606 Тематические рубрики __
a Основная рубрика Этика
606 Тематические рубрики __
a Основная рубрика Прикладная этика. Профессиональная этика
606 Тематические рубрики __
a Основная рубрика Общенаучные и междисциплинарные знания
606 Тематические рубрики __
a Основная рубрика Общие вопросы естественных и точных наук
610 Ключевые слова __
a Ключевые слова коэволюция; система мира; общественное устройство; живая природа; Вселенная; ноосфера; свобода; развитие; устойчивое развитие; вменяемость; ответственность; человеческая психика; психика человека; философские теории; философские взгляды; память; ноосфера; биосфера; относительность; Вселенная; человек; мораль; знания; популяризация; интерпретация; коэволюция интерпретаций; дуализм; глобализация; эволюционизм; персоналии; наука; общество; истина; модели общества; толерантность; хаос; линейное пространство; глобальные проблемы; экологические проблемы; философия экологии; человечество; рационализм; информация
686 Индексы других классификаций __
a Классификационный индекс 87.75
686 Индексы других классификаций __
a Классификационный индекс 20в
700 Автор _1
a Фамилия Самсонов
b Имя А. Л.
g Полное личное имя Александр Львович
4 Код отношения 070
801 Источник записи _0
a Страна RU
b Организация Муниципальное бюджетное учреждение культуры "Централизованная библиотечная система" г. Сургут (Центральная городская библиотека им. А. С. Пушкина)
c Дата составления 20091021
g Правила каталогизации КиК/Поспелова
801 Источник записи _1
a Страна RU
b Организация Муниципальное бюджетное учреждение культуры "Централизованная библиотечная система" г. Сургут (Центральная городская библиотека им. А. С. Пушкина)
c Дата составления 20091021
g Правила каталогизации КиК/Поспелова
852 Данные о местонахождении __
j Шифр хранения 87.75
c Каталожный индекс 87.75; 20в
i Авторский знак С 17
901 Тип документа __
t Тип документа x
903 Характеристики (МАРС) __
a Дата передачи 20100721
969 Тип издания __
a Тип издания сборник
990 Данные о заказе (DOS) __
j Количество экземпляров (DOS) 1
t N записи в КСУ для И/У (DOS) 201008